Čo všetko ovplyvňuje bezpečnosť potravín

Konzumácia potravín a zdravie človeka. Dôležitosť prídavných látok. Čo všetko ovplyvňuje kvalitu výrobkov. Podmienky ožarovania definuje legislatíva. Posudzovanie a manažment rizík. Ochrana zdravia je prvoradá. Vnímanie rizík. Dôležitosť informovanosti spotrebiteľov.

Uložené v:
Podrobná bibliografia
Hlavný autor: Šinková, Terézia
Médium: Kapitola
Jazyk:Slovak
Predmet:
Tagy: Pridať tag
Žiadne tagy, Buďte prvý, kto otaguje tento záznam!

MARC

LEADER 00000naa$a2200000$$$4500
001 0005439
005 20231005104326.2
041 0 |a slo 
044 |a SK 
245 1 0 |a Čo všetko ovplyvňuje bezpečnosť potravín  |c aut. Terézia Šinková 
520 |a Konzumácia potravín a zdravie človeka. Dôležitosť prídavných látok. Čo všetko ovplyvňuje kvalitu výrobkov. Podmienky ožarovania definuje legislatíva. Posudzovanie a manažment rizík. Ochrana zdravia je prvoradá. Vnímanie rizík. Dôležitosť informovanosti spotrebiteľov. 
610 2 0 |a potraviny 
610 2 0 |a bezpečnosť potravinová 
610 2 0 |a ochrana zdravia 
610 2 0 |a riziko 
610 2 0 |a spotrebitelia 
610 2 0 |a informácie 
100 1 |a Šinková, Terézia